Influence of process parameters on the epoxidation of 2-buten-1-ol over titanium silicalite TS-1 catalyst

Bibliographic Details
Main Authors: Wróblewska, Agnieszka (Author), Milchert, Eugeniusz (Author), Ławro, Ewelina (Author)
Format: Article
Language:English

MARC

LEADER 00000nab a2200000uu 4500
001 vtls010878637
003 SK-MaSNL
005 20260303163514.0
008 230303|2008 xo |||||||||||||||||eng|
015 |a SNBRB 
035 |a (urnnbn)urn:nbn:sk:snk:ar-005vd6 
035 |a (uuid)d1b68e4d-03c9-4bf4-ad7d-5a2fb05a561d 
035 |a urn:nbn:sk:snk-ab7ms3 
040 |a SNKBUCL  |b slo  |c SNKBUCL  |e AACR2 
041 0 |a eng 
044 |a xo  |c SK 
100 1 |a Wróblewska, Agnieszka  |4 aut  |9 1188195 
245 1 0 |a Influence of process parameters on the epoxidation of 2-buten-1-ol over titanium silicalite TS-1 catalyst  |c Agnieszka Wróblewska, Eugeniusz Milchert, Ewelina Ławro 
700 1 |a Milchert, Eugeniusz  |4 aut  |9 1188081 
700 1 |a Ławro, Ewelina  |4 aut  |9 1188196 
773 0 |t Chemical papers  |g Roč. 62, č. 2 (2008), s. [147]-153 
958 |a OND 
958 |a EUIPO 
958 |a article8 
999 |c 2060039  |d 2061969